[...] Venda-subhasta d'antiguitats tan important com la que tindrà lloc a la Sala Parés
Descripción Física:
full plegat ; 29'5 x 21'5 cm
Idioma:
Catalán
MARC
| LEADER | 00000nam a2200000 a 4500 | ||
|---|---|---|---|
| 001 | 24920 | ||
| 003 | AGDB | ||
| 005 | 20260324181544.0 | ||
| 008 | 260114b spa||||| |||| 00| 0 cat d | ||
| 040 | |a agdb |b cat | ||
| 041 | |a cat | ||
| 110 | |a Sala Parés |9 72861 |e institució d'acollida | ||
| 245 | |a [...] Venda-subhasta d'antiguitats tan important com la que tindrà lloc a la Sala Parés | ||
| 260 | |a Barcelona : |b Sala Parés, |c 1927 | ||
| 300 | |a full plegat ; |c 29'5 x 21'5 cm | ||
| 500 | |a Prové del fons Joan Junyer i Pascual (1909-1994) | ||
| 500 | |a Catàleg de pintures i objectes de la subhasta celebrada a la Sala Parés, Barcelona, el 22 i 23 de març de 1927. Les obres es van exposar els dies previs (19, 20 i 21 de març de 1927) | ||
| 650 | |a Fons Joan Junyer i Pascual (1909-1994) |9 72777 | ||
| 650 | 0 | |a Subhastes d'art |2 Arxiu |9 41643 | |
| 650 | 0 | |a Art |x Exposicions |x Catàlegs |2 Arxiu |9 47687 | |
| 942 | |2 udc |c ARXIU |n 1 | ||
| 952 | |0 0 |1 0 |2 udc |4 0 |6 F504349 |7 1 |9 98944 |a Arxiu |b Arxiu |d 2026-01-14 |l 0 |o F-504-349 |p 24920 |r 2026-01-14 13:44:51 |w 2026-01-14 |y ARXIU | ||
| 999 | |c 130612 |d 130612 | ||